| 000 | 00861nam a2200277Ia 4500 | ||
|---|---|---|---|
| 001 | Z_4368 | ||
| 003 | CHAP | ||
| 008 | 220113s2=00 xx 000 0 und d | ||
| 010 | _a167438 | ||
| 040 | _cCHAP | ||
| 090 | _aTesis A 1642 | ||
| 100 |
_aArcos Roa, Lázaro _96845 |
||
| 245 |
_aDistribución, comportamiento, tecnologías y rentabilidad del cultivo de sorgo en el estado de Veracruz : informe analítico / _cpor Lázaro Arcos Roa |
||
| 260 |
_aChapingo, Méx. : _bEl autor, _c2002 |
||
| 300 | _a74 h. | ||
| 502 | _aTesis (Ing. Agr. Esp. en Zootecnia) -- UACH. Departamento de Zootecnia | ||
| 650 |
_aSorgo _xCostos de producción _x Veracruz _9141642 |
||
| 650 |
_aSorgo _xRendimiento _9108714 |
||
| 650 |
_aSorgo _xVeracruz _9108738 |
||
| 901 | _aTESIS A 1642 | ||
| 902 | _aM | ||
| 910 | _a2=00 | ||
| 942 | _c2 | ||
| 942 | _c2 | ||
| 999 |
_c167438 _d167438 |
||